United Nations framework and rule of law / (Record no. 67222)

MARC details
000 -LEADER
fixed length control field 00519nam a22001697a 4500
005 - DATE AND TIME OF LATEST TRANSACTION
control field 20170828151505.0
020 ## - INTERNATIONAL STANDARD BOOK NUMBER
International Standard Book Number 8173913021
Terms of availability 595.00
035 ## - SYSTEM CONTROL NUMBER
System control number B-059002
037 ## - SOURCE OF ACQUISITION
Stock number DPL
Source of stock number/acquisition ENG
100 ## - MAIN ENTRY--PERSONAL NAME
Personal name Udara, Bhavana
245 ## - TITLE STATEMENT
Title United Nations framework and rule of law /
Statement of responsibility, etc by Bhavana Udara and Sujatha Ramcharit
250 ## - EDITION STATEMENT
Edition statement 2nd ed.
260 ## - PUBLICATION, DISTRIBUTION, ETC. (IMPRINT)
Place of publication, distribution, etc New Delhi
Name of publisher, distributor, etc Kanishka Publishers, Distributors
Date of publication, distribution, etc 2001
300 ## - PHYSICAL DESCRIPTION
Extent 280p.
Dimensions 20 cms.
700 ## - ADDED ENTRY--PERSONAL NAME
Personal name Ramcharit, Sujatha
9 (RLIN) 48019
942 ## - ADDED ENTRY ELEMENTS (KOHA)
Source of classification or shelving scheme Dewey Decimal Classification
Item type English Books
Classification part 341
Call number suffix UDA
Holdings
Withdrawn status Lost status Not for loan Collection code Home library Current library Date acquired Cost, normal purchase price Full call number Barcode Cost, replacement price Koha item type
      Non-fiction Sarojini Nagar Sarojini Nagar 26/05/2012 595.00 341 UDA B-059002 595.00 English Books

© Delhi Public Library
Hit Counter
free hit counter